Những lời dạy của Bác Hồ đối với học sinh

Сохранить в:
Библиографические подробности
Главный автор: Hồ Chí Minh
Формат:
Язык:Undetermined
Опубликовано: Hà Nội Sự thật 1975
Предметы:
Метки: Добавить метку
Нет меток, Требуется 1-ая метка записи!
Thư viện lưu trữ: Trung tâm Học liệu Trường Đại học Cần Thơ
LEADER 00514nam a2200169Ia 4500
001 CTU_16281
008 210402s9999 xx 000 0 und d
082 |a 324.2072 
082 |b M312 
100 |a Hồ Chí Minh 
245 0 |a Những lời dạy của Bác Hồ đối với học sinh 
245 0 |c Hồ Chí Minh 
260 |a Hà Nội 
260 |b Sự thật 
260 |c 1975 
650 |a ethics, vietnamese,ho chi minh 
980 |a Trung tâm Học liệu Trường Đại học Cần Thơ